| 000 | 00957pam a2200325 a 4500 | ||
|---|---|---|---|
| 001 | 4176 | ||
| 003 | FISKH | ||
| 005 | 20250826090418.0 | ||
| 008 | 870625s1988 nyua j 000 1 eng | ||
| 010 | _a 87045680 | ||
| 020 | _a0060224517 : | ||
| 020 | _a9780064441452 | ||
| 020 | _a0060224525 (lib. bdg.) : | ||
| 040 |
_aDLC _cDLC _dDLC _beng |
||
| 050 | 0 | 0 | _aPZ7.H672 |
| 082 | _a813.6 | ||
| 100 | 1 |
_aHoff, Syd, _d1912-2004. |
|
| 245 | 1 | 0 |
_aMrs. Brice's mice / _cstory and pictures by Syd Hoff. |
| 260 |
_aNew York : _bHarper & Row, _c1988. |
||
| 300 |
_a32 pages : _bcolor illustrations ; _c22 cm |
||
| 490 |
_aAn Early I can read book _vLevel 1 |
||
| 505 | _aJ | ||
| 520 | _aMrs. Brice has twenty-five mice and they all do everything together. | ||
| 521 | 8 |
_a480
_bLexile |
|
| 521 | 8 |
_aJ
_bRaz-Plus |
|
| 650 | 1 |
_aMice _xFiction. |
|
| 906 |
_a7 _bcbc _corignew _d1 _eocip _f19 _gy-gencatlg |
||
| 942 |
_2ddc _cBK _n0 |
||
| 999 |
_c4176 _d4176 |
||